Responses for Show #3692 - Tuesday, September 26, 2000

Andrew Garen game 5.

Contestants

[<< previous game]

Frank Lloyd, an international business school executive from Scottsdale, Arizona

Penny Bloedel, an Army officer from Winfield, Kansas

Andrew Garen, a project manager from Mamaroneck, New York (whose 4-day cash winnings total $41,101)

[next game >>]

Jeopardy! Round responses

ROYALTY
BOY SCOUT MERIT BADGES
POP GOES THE BALLET
AUTUMN-ATIC
FAMOUS BUILDINGS
SOUNDS "ISH"Y TO ME
    $100 1
France

Andrew
    $100 7
Archery

Andrew
    $100 6
Elvis Presley

Frank
    $100 11
Shopping days

Penny
    $100 23
(Alex: Ah, you're happy you got that one right!)

Pentagon

Penny
    $100 18
Flemish

Andrew
    $200 2
Peter the Great

Andrew
    $200 10
(F: What is an Explorer?)

Eagle Scout

Frank
Triple Stumper
    $200 8
The Beach Boys

Andrew
    $500 12
New York City Marathon

Penny
    $200 24
Leaning Tower of Pisa

Frank
    $200 19
Pound foolish

Frank
    $300 3
Nefertiti

Triple Stumper
    $300 28
Music badge

Andrew
    $300 9
Ray Charles

Frank
    $300 13
Apples

Penny
    $300 25
(minute to go...)

Taj Mahal

Frank
    $300 20
Crayfish

Andrew
    $400 4
Ethelred

Andrew
    $400 29
Plumbing

Frank
    $400 15
Wynton Marsalis

Andrew
    $400 14
Yorktown

Andrew
    $400 26
Chrysler Building

Andrew
    $400 21
Fetish

Andrew
    $500 5
Isabella

Andrew
    $500 30
Whitewater

Penny
    $500 16
Laura Nyro

Triple Stumper
    $500 17
The Race/Community/People

Triple Stumper
    $500 27
Lake Geneva

Andrew
    $500 22
Replenish

Andrew

Scores at the first commercial break (after clue 14):

Andrew Penny Frank
$1,900 $900 $200

Scores at the end of the Jeopardy! Round:

Andrew Penny Frank
$4,800 $1,500 $1,300

Double Jeopardy! Round responses

PACIFIC ISLANDS
HARRISON FORD
FAMOUS NICKNAMES
BIBLICAL ANIMALS
ONE MAN'S "MEAT"
ANOTHER MAN'S POISON
    $200 26
(with less than a minute to go...)

Tahiti

Frank
    $200 21
Han Solo, Jack Ryan, Indiana Jones or Bob (from "American Graffiti")

Andrew
    $200 1
William Randolph Hearst

Frank
    $200 3
Donkey

Frank
    $200 8
Meat & potatoes

Andrew
    $200 16
Cobra

Frank
    $400 27
Honshu

Frank
    $400 22
Love, American Style

Andrew
    $400 2
Dorothy Lamour

Andrew
    $400 4
Pig

Andrew
    $400 9
Meatballs

Andrew
    $400 17
Lead

Andrew
    $1,000 28
(F: What is Pitcairn's Island?)
(Alex: We'll accept that.)

Pitcairn Island

Frank
    $600 23
Columbia Pictures

Triple Stumper
    $600 13
Annie Oakley

Andrew
    $600 5
(F: What is a lioness?)

Bear

AndrewFrank
    $600 10
Meat Loaf

Andrew
    $600 18
Strychnine

Frank
    $800 29
Samoa

Triple Stumper
    $800 24
E.T.

Andrew
    $1,600 14
Jack Ruby

Andrew
    $800 6
Foxes

Andrew
    $800 11
Meat market

Andrew
    $800 19
Cyanide

Triple Stumper
    $1000 30
Easter Island

Frank
    $1000 25
(F: Who is Mel Brooks?)

Gene Wilder

Frank
Triple Stumper
    $1000 15
Peter Stuyvesant

Frank
    $1000 7
A camel

Frank
    $1000 12
Sweet meats

Triple Stumper
    $1000 20
Arsenic

Triple Stumper

Scores at the end of the Double Jeopardy! Round:

Andrew Penny Frank
$13,000 $1,500 $5,500
(lock game)

[wagering suggestions for these scores]

Final Jeopardy! Round responses

WORD ORIGINS
(Alex: Andrew, you get your choice of those automobiles. What have you selected?)
(Andrew: The Camaros.)
PennyWhat is Barbarian?
$1,000
FrankWhat are Barbarians?
$500
AndrewWhat are Barbarians?
$1,999
Barbarians

Final scores:

Andrew Penny Frank
$14,999 $2,500 $6,000
5-day champion: $56,100 3rd place: Kaypro 2100 Desktop Computer Package 2nd place: Trip to the Cayman Islands courtesy of Yahoo! Travel

Game dynamics:

Coryat scores:

Andrew Penny Frank
$12,200 $1,200 $5,100
29 R
(including 1 DD),
0 W
5 R
(including 1 DD),
0 W
16 R
(including 1 DD),
3 W

Combined Coryat: $18,500

[game clues] [game scores] [suggest correction]

Game tape date: 2000-08-23
The J! Archive is created by fans, for fans. Scraping, republication, monetization, and malicious use prohibited; this site may use cookies and collect identifying information. See terms. The Jeopardy! game show and all elements thereof, including but not limited to copyright and trademark thereto, are the property of Jeopardy Productions, Inc. and are protected under law. This website is not affiliated with, sponsored by, or operated by Jeopardy Productions, Inc. Join the discussion at JBoard.tv.